000
00193 a2200085 4500
001
63312
090
_c
37354
_d
37354
245
_a
Fundamentals of Entrepreneurship
260
_a
New Delhi
_b
Printic Hall
_c
2006
942
_a
NUST-CAE
999
_c
298385
_d
298385